000 01193cam a2200289 a 4500
999 _c28482
_d28482
001 14323755
003 OSt
005 20170307103922.0
008 060331s2006 caua 001 0 eng
010 _a 2006925007
020 _a0495017027
040 _aDLC
_cDLC
_dDLC
050 0 0 _aQA37.3
_b.W36 2006
100 1 _aWaner, Stefan,
_d1949-
245 1 0 _aFinite mathematics /
_cStefan Waner, Steven R. Costenoble.
250 _a4th ed.
260 _aBelmont, CA :
_bThomson Brooks/Cole,
_c[c2007]
300 _axv, 613, 42, 6 p. :
_bcol. ill. ;
_c27 cm.
500 _aAccecc code card laid in.
500 _aIncludes indexes.
650 0 _aMathematics
_vTextbooks.
700 1 _aCostenoble, Steven R.,
_d1961-
856 4 2 _3Contributor biographical information
_uhttp://www.loc.gov/catdir/enhancements/fy1104/2006925007-b.html
856 4 2 _3Publisher description
_uhttp://www.loc.gov/catdir/enhancements/fy1104/2006925007-d.html
856 4 1 _3Table of contents only
_uhttp://www.loc.gov/catdir/enhancements/fy1104/2006925007-t.html
906 _a7
_bcbc
_corignew
_d2
_eepcn
_f20
_gy-gencatlg
942 _2lcc
_cBOOKS
_hQA 37.3 .W36 2007